00918nam a2200229 a 4500001001000000003000500010005001700015008004100032010001100073011001100084040000900095100004200104245015700146260004100303500006000344502007700404650004400481650003900525650002400564700003000588856007000618000110922CHAP20220329144151.0141024s2014 mx a fsm |||||||spa d a107384 a108356 cCHAP1 aGonzález Fernández, José Manuel10aCaracterización de 39 variedades de salvia ornamental (Salvia sp.)h[En línea]cpor José Manuel González Fernández y Raúl Juárez Salvador. aChapingo, Méx. :bEl autor,c2014. aPara ver el contenido del material haga clic en la liga aTesis (Ing. Agr. Esp. en Fitotecnia) -- UACH. Departamento de Fitotecnia14aPlantas ornamentalesxIdentificación.14aPlantas ornamentalesxRendimiento.14aSalvia officinalis.1 aJuárez Salvador, Raúl aFinding aiduhttp://10.13.5.2/tesis/sist110922.pdfzTeclea aquí